[Event "20th World Seniors Women"]
[Site "Arco ITA"]
[Date "2010.10.30"]
[Round "4"]
[White "Fomina,T"]
[Black "Gaprindashvili,N1"]
[Result "1-0"]
[WhiteElo "2256"]
[BlackElo "2363"]

1.e4 b6 2.d4 Bb7 3.Bd3 e6 4.Nf3 g6 5.O-O Bg7 6.e5 Ne7 7.Bg5 d6 8.Nbd2 dxe5
9.dxe5 h6 10.Bxe7 Qxe7 11.Qe2 Nd7 12.Be4 Bxe4 13.Qxe4 O-O 14.b4 a5 15.a3 Rfc8
16.c3 Ra7 17.Nc4 Qe8 18.Nd4 axb4 19.cxb4 Nb8 20.Rac1 Rd8 21.g3 Rd5 22.f4 Qd8
23.Nf3 Bf8 24.Kg2 b5 25.Ne3 Rd3 26.Nc2 c5 27.bxc5 Bxc5 28.Nb4 Bxb4 29.axb4 Raa3
30.Qb7 Qe8 31.Rc8 Rd8 32.Rfc1 Kg7 33.Qxb8  1-0

[Event "20th World Seniors Women"]
[Site "Arco ITA"]
[Date "2010.11.01"]
[Round "5"]
[White "Gaprindashvili,N1"]
[Black "Borisova,B"]
[Result "1-0"]
[WhiteElo "2363"]
[BlackElo "2096"]

1.d4 Nf6 2.c4 e6 3.Nc3 Bb4 4.g3 O-O 5.Bg2 Bxc3+ 6.bxc3 d6 7.Nf3 Nbd7 8.O-O e5
9.Ba3 e4 10.Nd2 Re8 11.e3 c5 12.Qc2 Qe7 13.Rae1 Nf8 14.f3 exf3 15.Rxf3 Bg4
16.Rff1 Rac8 17.e4 cxd4 18.e5 N6d7 19.Bxd6 Qg5 20.cxd4 Ne6 21.Qd3 b6 22.Ne4 Qh6
23.Ba3 Red8 24.Nd6 Ng5 25.h4 Nh3+ 26.Kh2 Qe6 27.Bd5 Qg6 28.Bxf7+  1-0

[Event "20th World Seniors Women"]
[Site "Arco ITA"]
[Date "2010.11.02"]
[Round "6"]
[White "Khmiadashvili,T"]
[Black "Gaprindashvili,N1"]
[Result "0-1"]
[WhiteElo "2162"]
[BlackElo "2363"]

1.c4 g6 2.Nc3 Bg7 3.g3 e5 4.Bg2 d6 5.e3 c6 6.Nge2 Nh6 7.d4 f5 8.dxe5 dxe5
9.Qxd8+ Kxd8 10.e4 Nf7 11.Be3 Be6 12.O-O-O+ Nd7 13.b3 Re8 14.Kb2 Ke7 15.h4 h5
16.f3 Bh6 17.Bf2 Nd6 18.c5 Nf7 19.f4 Nf6 20.Rhe1 Ng4 21.Bg1 Rad8 22.Bf3 Rxd1
23.Rxd1 Rd8 24.Re1 Rd2+ 25.Kc1 Rd3 26.Bxg4 fxg4 27.Kc2 Rf3 28.fxe5 Nxe5 29.Bd4 Nd3
30.Rd1 Nb4+ 31.Kb2 g5 32.hxg5 Bxg5 33.a3 Nd3+ 34.Kc2 Nf2 35.Rg1 Nh3 36.Rg2 Bf7
37.Be5 Bg6 38.Bd6+ Kf7 39.b4 Nf2 40.Nd4 Nxe4  0-1

[Event "20th World Seniors Women"]
[Site "Arco ITA"]
[Date "2010.11.04"]
[Round "7"]
[White "Gaprindashvili,N1"]
[Black "Khropova,L"]
[Result "1-0"]
[WhiteElo "2363"]
[BlackElo "2037"]

1.d4 Nf6 2.c4 e6 3.Nc3 Bb4 4.g3 O-O 5.Bg2 c5 6.d5 exd5 7.cxd5 d6 8.Bd2 Bf5
9.f3 Re8 10.e4 Na6 11.Nge2 Bd7 12.O-O c4 13.Kh1 Nc5 14.Be3 a6 15.Qc2 Qc8
16.Bd4 Nd3 17.a3 Bc5 18.b4 Bxd4 19.Nxd4 Bh3 20.Na4 Bxg2+ 21.Kxg2 Qc7 22.Nb2 Nxb2
23.Qxb2 b5 24.Qc3 g6 25.a4 Qd7 26.axb5 axb5 27.Ra5 Rxa5 28.bxa5 Ra8 29.Rb1 Qc7
30.Rxb5 Nd7 31.Nc6 Ne5 32.Rb6 Nxc6 33.dxc6 Qa7 34.Rb4 Rc8 35.Rxc4 Rc7 36.Rb4 Qa8
37.Rb6 h5 38.Qb4 Kh7 39.Qb5 Qe8 40.Qd5 Qd8 41.Rb7 Qc8 42.a6 Kh6 43.a7 Rxc6
44.Qxc6 Qxc6 45.a8=Q  1-0

[Event "20th World Seniors Women"]
[Site "Arco ITA"]
[Date "2010.11.05"]
[Round "8"]
[White "Miednikova,S"]
[Black "Gaprindashvili,N1"]
[Result "0-1"]
[WhiteElo "2146"]
[BlackElo "2363"]

1.e4 b6 2.d4 Bb7 3.Bd3 e6 4.Nd2 g6 5.Ngf3 Bg7 6.O-O d6 7.Re1 Ne7 8.Nf1 O-O
9.Ng3 c5 10.c3 Nbc6 11.Be3 Qc7 12.Qd2 Nd8 13.Bh6 f6 14.h4 Nf7 15.Bxg7 Kxg7
16.h5 c4 17.Bc2 e5 18.Rad1 Rad8 19.Qe2 Bc8 20.Nd2 b5 21.Ndf1 Be6 22.Ne3 Nh6
23.hxg6 hxg6 24.Rf1 Rh8 25.f4 Bf7 26.d5 Qb6 27.Qf2 exf4 28.Qxf4 Neg8 29.Rd4 Re8
30.Ng4 Nxg4 31.Qxg4 Kf8 32.Qd7 Re5 33.a4 Be8 34.Qc8 Rg5 35.Rf3 Rh4 36.axb5 Rhg4
37.Kf2 Qxb5 38.Qxc4 Qxb2 39.Rd2 Qc1 40.Qe2 Bb5 41.Qd1 Qa3 42.Rd4 Qc5 43.Ba4 a5
44.Qb3 Bxa4 45.Qxa4 Qb6 46.Qc4 Qb2+ 47.Ne2 Rxg2+ 48.Ke3 Nh6 49.Qc8+ Kg7 50.Qc7+ Nf7
51.Rd2 Qb1 52.Qe7 f5 53.Nf4 Qe1+ 54.Ne2 R2g4 55.exf5 gxf5 56.Kd3 Qb1+ 57.Rc2 Re4  0-1

[Event "20th World Seniors Women"]
[Site "Arco ITA"]
[Date "2010.11.06"]
[Round "9"]
[White "Komysheva,M"]
[Black "Gaprindashvili,N1"]
[Result "1/2-1/2"]
[WhiteElo "2084"]
[BlackElo "2363"]

1.d4 g6 2.c4 d6 3.Nc3 Nd7 4.e4 e5 5.Nf3 Bg7 6.g3 Nh6 7.Bg2 O-O 8.O-O c6 9.b3 f5
10.Bb2 Nf7 11.Qd2 Qf6 12.Rad1 Bh6 13.Qc2 f4 14.Bh3 exd4 15.Nxd4 Nde5 16.Bxc8 Raxc8
17.f3 fxg3 18.hxg3 Be3+ 19.Kg2 Bxd4 20.Rxd4 Ng5 21.f4 Qe6 22.Rh1 Qg4 23.Qd1 Rxf4
24.Qxg4 Rxg4 25.Rxd6 Rf8 26.Rh4 Rxh4 27.gxh4 Ngf3 28.Kg3 Ne1 29.Nd1 Rf3+
30.Kh2 Ng4+ 31.Kg1 Rd3 32.Rxd3 Nxd3 33.Ba1 Kf7 34.Kg2 Ke6 35.Kf3 Nge5+ 36.Ke3  1/2-1/2

[Event "11th European Senior"]
[Site "Courmayeur ITA"]
[Date "2011.04.06"]
[Round "1.10"]
[White "Bisignano,G"]
[Black "Gaprindashvili,N1"]
[Result "0-1"]
[WhiteElo "1938"]
[BlackElo "2362"]

1.e4 b6 2.d4 Bb7 3.Bd3 g6 4.Be3 Bg7 5.Qe2 c5 6.c3 cxd4 7.cxd4 Nc6 8.Nf3 Nb4
9.Nc3 Nf6 10.O-O O-O 11.Rfd1 d6 12.Rac1 Qd7 13.Bf4 h6 14.e5 Nh5 15.Qe3 Qg4
16.Bg3 Nxg3 17.hxg3 dxe5 18.Nxe5 Qe6 19.b3 Rac8 20.Ne2 Rfd8 21.Nf4 Qd6 22.Nc4 Qd7
23.d5 Bf6 24.d6 e6 25.Ne5 Rxc1 26.Rxc1 Qxd6 27.Ng4 Bg7 28.Nh3 Kh7 29.Qf4 Qxf4
30.gxf4 Rd7 31.Ne5 Bxe5 32.fxe5  0-1

[Event "11th European Senior"]
[Site "Courmayeur ITA"]
[Date "2011.04.07"]
[Round "2.9"]
[White "Gaprindashvili,N1"]
[Black "Kierzek,Ma"]
[Result "1/2-1/2"]
[WhiteElo "2362"]
[BlackElo "2135"]

1.d4 d5 2.c4 e6 3.Nf3 Nf6 4.Nc3 Nbd7 5.Bg5 c6 6.e3 Qa5 7.cxd5 Nxd5 8.Qb3 Bb4
9.Rc1 c5 10.a3 Bxc3+ 11.bxc3 h6 12.Bh4 cxd4 13.exd4 O-O 14.Bg3 b6 15.Bb5 a6
16.Bc6 Ra7 17.O-O Rd8 18.c4 Ne7 19.Be4 Bb7 20.Bb1 Nf5 21.Rfd1 Nxg3 22.hxg3 Bxf3
23.gxf3 Nf6 24.c5 b5 25.Be4 Nd5 26.f4 Rad7 27.f5 Nc7 28.fxe6 fxe6 29.Bf5 Rd5
30.Bh3 Kh8 31.Qe3 e5 32.Qf3 exd4 33.Re1 d3 34.Re7 d2 35.Rd1 Rxc5 36.Qf7 Qc3
37.Rxd2 Rxd2 38.Qf8+ Kh7 39.Bf5+ Rxf5 40.Qxf5+ Kh8  1/2-1/2

[Event "11th European Senior"]
[Site "Courmayeur ITA"]
[Date "2011.04.08"]
[Round "3.13"]
[White "Valenti,G"]
[Black "Gaprindashvili,N1"]
[Result "0-1"]
[WhiteElo "2143"]
[BlackElo "2362"]

1.e4 b6 2.d4 Bb7 3.Bd3 g6 4.Nf3 Bg7 5.O-O e6 6.Re1 Ne7 7.c3 O-O 8.Nbd2 d6
9.e5 dxe5 10.Nxe5 c5 11.Ndf3 cxd4 12.Nxd4 Bd5 13.Bf1 Nd7 14.Ng4 Kh8 15.Bg5 f6
16.Nxe6 Bxe6 17.Rxe6 fxg5 18.Rd6 Nf5 19.Rxd7 Qe8 20.h3 Rf7 21.Rxf7 Qxf7 22.Qb3 Qe7
23.Rd1 Rf8 24.Qd5 h5 25.Nh2 Be5 26.Nf3 Bb8 27.Re1 Qc7 28.Qe5+ Qxe5 29.Nxe5 Bxe5
30.Rxe5 Rd8 31.Ba6 Rd1+ 32.Kh2 Kg7 33.Re6 Kh6 34.Re2 Nd6 35.g3 b5 36.Kg2 Kg7
37.b3 Kf6 38.Rc2 Rd5 39.c4 Rc5 40.Rd2 Ne4 41.Rd7 b4 42.Bb5 a6 43.Bxa6 Ra5
44.Bb7 Nc3 45.Bf3 Nxa2 46.Rd6+ Ke5 47.Rxg6 Kd4 48.Bxh5 Kc3 49.Bd1 Nc1 50.Rf6 Nd3
51.h4 Ra1 52.Bg4 gxh4 53.gxh4 Kxb3 54.h5 Kc3 55.h6 b3 56.h7 Ra8 57.Bf5 Nf4+
58.Kf3 Nh5 59.Rh6 Ng7 60.Be4 Rh8 61.c5 Ne8 62.Rb6 Nc7 63.Ke3 Re8 64.Rd6 b2
65.Rd1 Nd5+ 66.Kf3 Nf6 67.Bg6 Rh8 68.c6 Nxh7 69.Rd3+ Kc4 70.Rd1 Nf6 71.Bf5 Rf8  0-1

[Event "11th European Senior"]
[Site "Courmayeur ITA"]
[Date "2011.04.09"]
[Round "4.4"]
[White "Gaprindashvili,N1"]
[Black "Timoscenko,G"]
[Result "1-0"]
[WhiteElo "2362"]
[BlackElo "2502"]

1.d4 Nf6 2.c4 c5 3.d5 b5 4.cxb5 a6 5.b6 d6 6.Nc3 Nbd7 7.e4 Rb8 8.Nf3 g6 9.Be2 Bg7
10.O-O O-O 11.Bf4 Rxb6 12.Rb1 Ne8 13.Qc2 Nc7 14.Be3 Rb8 15.Rfd1 Ne5 16.Nxe5 Bxe5
17.f4 Bg7 18.a4 f5 19.e5 dxe5 20.Bxc5 Ne8 21.Qd2 Qc7 22.Qe3 Bh6 23.g3 Nd6
24.b4 exf4 25.gxf4 a5 26.Nb5 Nxb5 27.axb5 Bxf4 28.Qxe7 Bxh2+ 29.Kh1 Qxe7
30.Bxe7 Re8 31.d6 Bxd6 32.Bc4+ Kg7 33.Bxd6 Bb7+ 34.Bd5 Bxd5+ 35.Rxd5 Ra8
36.b6  1-0

[Event "11th European Senior"]
[Site "Courmayeur ITA"]
[Date "2011.04.10"]
[Round "5.2"]
[White "Gaprindashvili,N1"]
[Black "Cebalo,M"]
[Result "0-1"]
[WhiteElo "2362"]
[BlackElo "2486"]

1.d4 Nf6 2.c4 e6 3.Nc3 c5 4.d5 exd5 5.cxd5 d6 6.e4 g6 7.Nf3 a6 8.a4 Bg4 9.Be2 Bxf3
10.Bxf3 Nbd7 11.Be2 Bg7 12.O-O O-O 13.Bf4 Qe7 14.Re1 Rfe8 15.Qd2 Rac8 16.b3 Qf8
17.Qc2 h5 18.f3 Nh7 19.Rac1 Bd4+ 20.Kh1 h4 21.Bc4 Ne5 22.Ne2 h3 23.Nxd4 cxd4
24.Qd2 hxg2+ 25.Kxg2 f5 26.Qxd4 fxe4 27.Qxe4 Qf6 28.Bxe5 Rxe5 29.Qg4 Rg5
30.Rc2 Rf8  0-1

[Event "11th European Senior"]
[Site "Courmayeur ITA"]
[Date "2011.04.11"]
[Round "6.9"]
[White "Iudicello,G"]
[Black "Gaprindashvili,N1"]
[Result "0-1"]
[WhiteElo "2180"]
[BlackElo "2362"]

1.e4 b6 2.d4 Bb7 3.Nc3 e6 4.Bd3 Nf6 5.Nge2 d5 6.exd5 Nxd5 7.O-O Nf6 8.Bg5 Be7
9.Bxf6 Bxf6 10.Be4 c6 11.Qd3 Nd7 12.Rfe1 Qc7 13.a4 a6 14.b4 Be7 15.b5 Nf6
16.bxc6 Bxc6 17.Bxc6+ Qxc6 18.d5 Nxd5 19.Nxd5 Qxd5 20.Qxd5 exd5 21.Nf4 Rd8
22.Re5 f6 23.Rxd5 Kf7 24.Kf1 g5 25.Rxd8 Rxd8 26.Nd3 Rc8 27.Ra2 Rc4 28.Ke2 Ke6
29.Kd2 Kd5 30.Ra1 Bd8 31.Nb2 Rd4+ 32.Nd3 Be7 33.Ra2 Bb4+ 34.Ke2 Re4+ 35.Kf1 Ba5
36.f3 Rc4 37.Ke2 Kd4 38.Nc1 Kc3 39.Nd3 h5 40.Kd1 Rd4 41.Ra3+ Kc4 42.Ke2 Bc3
43.Rb3 Rd6 44.Kf2 Rxd3  0-1

[Event "11th European Senior"]
[Site "Courmayeur ITA"]
[Date "2011.04.12"]
[Round "7.6"]
[White "Gaprindashvili,N1"]
[Black "Werner,Cle"]
[Result "1/2-1/2"]
[WhiteElo "2362"]
[BlackElo "2353"]

1.d4 d5 2.c4 c6 3.Nf3 Nf6 4.Qb3 dxc4 5.Qxc4 Bf5 6.g3 Nbd7 7.Bg2 e6 8.O-O Be7
9.e3 O-O 10.Qe2 Ne4 11.Nc3 Qa5 12.Nxe4 Bxe4 13.Bd2 Qd5 14.Bc3 Bf6 15.Rfd1 Qh5
16.h3 Rfd8 17.g4 Qh6 18.Ne5 Bxg2 19.Kxg2 Be7 20.f4 Nxe5 21.dxe5 g6 22.Ba5 Rxd1
23.Rxd1 Qf8 24.Bc7 Qe8 25.Qd3 Kf8 26.Qb3 b6 27.Bd6 Kg7 28.e4 Bd8 29.f5 h6
30.Rf1 Bh4 31.Qa4 c5 32.Qxe8 Rxe8 33.f6+ Kg8 34.Be7 Rc8 35.Rd1 Ra8 36.b3 Rc8
37.Kf3 b5 38.Rc1 c4 39.bxc4 Rxc4 40.Rxc4 bxc4 41.Ke3 Be1 42.Kd4 c3 43.Kd3 h5
44.Bc5 hxg4 45.hxg4 a6 46.a3 Bg3 47.Kxc3 Bxe5+ 48.Bd4 Bd6 49.a4 Kf8 50.e5 Bc7
51.Bc5+ Ke8 52.Kd4 Kd7 53.Ke4 Ba5 54.Bd6 Kc6 55.Kd4 Bd8 56.Bb4 Bc7 57.Bc3  1/2-1/2

[Event "11th European Senior"]
[Site "Courmayeur ITA"]
[Date "2011.04.13"]
[Round "8.7"]
[White "Strutinskaya,G"]
[Black "Gaprindashvili,N1"]
[Result "1/2-1/2"]
[WhiteElo "2269"]
[BlackElo "2362"]

1.d4 g6 2.e4 c6 3.Nc3 d5 4.Nf3 Bg4 5.Be2 dxe4 6.Nxe4 Bg7 7.c3 Nd7 8.Qb3 Qb6
9.h3 Be6 10.Qc2 Ngf6 11.Ng3 Bd5 12.O-O Bxf3 13.Bxf3 O-O 14.Re1 Rfe8 15.Ne4 Nxe4  1/2-1/2

[Event "11th European Senior"]
[Site "Courmayeur ITA"]
[Date "2011.04.14"]
[Round "9.8"]
[White "Gaprindashvili,N1"]
[Black "Rosino,A"]
[Result "0-1"]
[WhiteElo "2362"]
[BlackElo "2233"]

1.d4 Nf6 2.c4 e6 3.Nc3 d5 4.Bg5 Nbd7 5.Nf3 c6 6.e3 Qa5 7.cxd5 Nxd5 8.Qc2 Bb4
9.Rc1 Qxa2 10.e4 Nxc3 11.bxc3 Qxc2 12.Rxc2 Be7 13.Bf4 O-O 14.Bd3 b6 15.Ke2 Bb7
16.Ra1 c5 17.Rca2 a5 18.Rb1 Rfc8 19.Ne5 Nxe5 20.Bxe5 Bd8 21.dxc5 Rxc5 22.Bd4 Rc6
23.Rab2 a4 24.Ra2 Ba6 25.Rb4 a3 26.Rb3 Be7 27.Rxb6 Rxb6 28.Bxb6 Rb8 29.Bxa6 Rxb6
30.Bc4 Rb1 31.Kd2 Rg1 32.g3 Rg2 33.Kd3 Rxh2 34.Kd4 Rh1 35.Bd3 Rd1 36.e5 h5
37.c4 g5 38.Kc3 h4 39.gxh4 gxh4 40.f4 Bc5 41.f5 exf5 42.Rg2+ Kf8 43.Bxf5 Bd4+
44.Kb3 Rf1 45.Be4 Re1 46.Bd5 Re3+ 47.Ka2 Bxe5 48.Rf2 f6 49.c5 Rc3 50.c6 Ke7
51.Be4 h3 52.Rf1 h2 53.Rd1 Bd6 54.Bd5 Rc2+ 55.Kb3 Rb2+ 56.Ka4 a2 57.c7 Bxc7
58.Ra1 Rb1  0-1

[Event "20th World Seniors Women"]
[Site "Arco ITA"]
[Date "2011.04.27"]
[Round "2"]
[White "Abdikasova,P"]
[Black "Gaprindashvili,N1"]
[Result "0-1"]
[WhiteElo "2010"]
[BlackElo "2363"]

1.e4 b6 2.Nf3 Bb7 3.Nc3 e6 4.Be2 g6 5.d4 Bg7 6.Be3 h6 7.Qd2 d6 8.O-O-O Nd7
9.h3 a6 10.Rhe1 Ne7 11.g4 Nf6 12.Bd3 d5 13.e5 Ne4 14.Qe2 Nxc3 15.bxc3 Qd7
16.Kb2 Qa4 17.Rb1 Nc6 18.Ka1 Na5 19.Nd2 O-O 20.f4 c5 21.Qd1 c4 22.Bf1 Qa3
23.Rb2 b5 24.Nb1 Qe7 25.Qd2 Bc8 26.Bg2 Rd8 27.Bf3 Kh7 28.Qg2 Rb8 29.Bd2 Nc6
30.a3 a5 31.f5 Qe8 32.f6 Bf8 33.h4 b4 34.cxb4 Nxd4 35.c3 Nxf3 36.Qxf3 axb4
37.cxb4 d4 38.Rc2 c3 39.Bc1 Qa4 40.Ra2 Ba6 41.Qd1 Qc6 42.Rc2 Bc4 43.Rf2 Ra8
44.Qf3 Qa4 45.Qf4 Qxb4 46.Re4 Bd3 47.Nxc3 Qxc3+ 48.Bb2 Rxa3+  0-1

[Event "Nona Gaprindashvili Jubilee"]
[Site "Moscow RUS"]
[Date "2011.10.05"]
[Round "1"]
[White "Gaprindashvili,N1"]
[Black "Fatalibekova,E"]
[Result "1-0"]
[WhiteElo "2360"]
[BlackElo "2285"]

1.d4 d5 2.c4 e6 3.Nf3 Nf6 4.Nc3 Be7 5.Bg5 O-O 6.e3 b6 7.Bxf6 Bxf6 8.cxd5 exd5
9.g3 c6 10.Bg2 Ba6 11.Ne2 Nd7 12.O-O c5 13.Re1 c4 14.Nc3 Bb7 15.Nd2 Nb8 16.Nxc4 Na6
17.Ne5 Nc7 18.Nd3 Qd6 19.Nf4 Bg5 20.Nd3 Rad8 21.Qb3 g6 22.a4 a5 23.Rac1 h5
24.Nb5 Nxb5 25.Qxb5 h4 26.b4 Ra8 27.bxa5 Rxa5 28.Qb3 Rfa8 29.Rb1 Bd8 30.Nb4 Be7
31.Nd3 Bd8 32.Ra1 b5 33.Rab1 Rxa4 34.Nc5 R4a7 35.Nxb7 Rxb7 36.Qxd5 Qxd5 37.Bxd5 Rab8
38.Bxb7 Rxb7 39.Rec1 b4 40.Rc4 Be7 41.Rb3 Kg7 42.e4 f5 43.f3 Ra7 44.Kg2 Ra2+
45.Kh3 Kf7 46.Rc7 Ke8 47.exf5 gxf5  1-0

[Event "Nona Gaprindashvili Jubilee"]
[Site "Moscow RUS"]
[Date "2011.10.05"]
[Round "2"]
[White "Litynska,M"]
[Black "Gaprindashvili,N1"]
[Result "1/2-1/2"]
[WhiteElo "2326"]
[BlackElo "2360"]

1.c4 g6 2.Nf3 Bg7 3.d4 d6 4.e4 Nd7 5.Nc3 e5 6.Be2 f6 7.Be3 Nh6 8.h3 Nf7 9.Qd2 O-O
10.O-O c6 11.Rfe1 f5 12.dxe5 dxe5 13.exf5 gxf5 14.Qc2 Qf6 15.Rad1 Re8 16.Bf1 Nf8
17.Bc1 Be6 18.Ne2 Rad8 19.b3 Ng6 20.Rxd8 Rxd8 21.Rd1 Rxd1 22.Qxd1 Bf8 23.Bb2 Bc5
24.Qd2 Qe7 25.Bc3 Qd7 26.Qxd7 Bxd7 27.b4 Be7 28.c5 Be6 29.Nc1 Bd5 30.Nd2 Bg5
31.Ncb3 Nf4 32.Nc4 Bxg2 33.Nxe5 Bxf1 34.Kxf1 Nxe5 35.Bxe5 Nd5 36.a3 Bd8 37.Bb8 a6
38.Be5 Kf7 39.Ke2 Ke6 40.f4 Kf7 41.Kd3 Ne7 42.Nd4 a5 43.Bd6 axb4 44.axb4 Nd5
45.Nxf5 Nxb4+ 46.Ke4 Na6 47.Nd4 Ba5 48.Nc2 Bc3 49.h4 Bf6 50.h5 Be7 51.Bxe7 Kxe7
52.Kd4 Nc7 53.f5 Kf6 54.Ne3 Na6 55.Kc4 Ke5 56.h6 Nc7 57.Kd3 Nd5 58.Nc4+ Kxf5
59.Nd6+ Kg6 60.Nxb7 Kxh6 61.Nd8 Ne7 62.Ke4 Kg5 63.Kf3 h5 64.Kg3 Nf5+ 65.Kh3 Nd4
66.Nf7+ Kf6 67.Nd8 Ke7 68.Nb7 Nf5 69.Na5 Kd7 70.Kh2  1/2-1/2

[Event "Nona Gaprindashvili Jubilee"]
[Site "Moscow RUS"]
[Date "2011.10.05"]
[Round "3"]
[White "Gaprindashvili,N1"]
[Black "Saunina,L"]
[Result "1/2-1/2"]
[WhiteElo "2360"]
[BlackElo "2274"]

1.d4 Nf6 2.c4 e6 3.Nc3 Bb4 4.g3 c5 5.Nf3 cxd4 6.Nxd4 Nc6 7.Bg2 d5 8.O-O Bxc3
9.bxc3 O-O 10.Bg5 h6 11.Bxf6 Qxf6 12.cxd5 exd5 13.Nb5 Be6 14.Nc7 Rac8 15.Nxd5 Bxd5
16.Qxd5 Qxc3 17.Rfc1 Qf6 18.e3 Rfd8 19.Qf3 Qe7 20.Qe2 Rc7 21.Bxc6 Rxc6 22.Rxc6 bxc6
23.Rc1 Rd6  1/2-1/2

[Event "Nona Gaprindashvili Jubilee"]
[Site "Moscow RUS"]
[Date "2011.10.06"]
[Round "4"]
[White "Erenska Barlo,H"]
[Black "Gaprindashvili,N1"]
[Result "1/2-1/2"]
[WhiteElo "2241"]
[BlackElo "2360"]

1.e4 b6 2.d4 Bb7 3.Bd3 e6 4.Nf3 d6 5.O-O Ne7 6.Qe2 g6 7.c3 Bg7 8.Rd1 O-O
9.Bg5 h6 10.Be3 Nd7 11.Nbd2 Nf6 12.h3 Kh7 13.c4 Qe8 14.e5 dxe5 15.Nxe5 Nf5
16.Ndf3 Nxe3 17.Qxe3 Rd8 18.h4 Kg8 19.b3 Qe7 20.Rac1 c5 21.dxc5 Qxc5 22.Qxc5 bxc5
23.Bc2 Rfe8 24.Re1 Rd6 25.Kf1 Red8 26.Rb1 Nd7 27.Nxd7 R8xd7 28.Be4 Bxe4 29.Rxe4 Bc3
30.g3 f5 31.Kg2 Kf7 32.g4 Rd1 33.Rxd1 Rxd1 34.Re2 g5  1/2-1/2

[Event "Nona Gaprindashvili Jubilee"]
[Site "Moscow RUS"]
[Date "2011.10.06"]
[Round "5"]
[White "Gaprindashvili,N1"]
[Black "Khmiadashvili,T"]
[Result "1-0"]
[WhiteElo "2360"]
[BlackElo "2166"]

1.d4 d6 2.c4 Nf6 3.Nc3 c6 4.e4 Qc7 5.f4 a6 6.Nf3 e6 7.e5 Ng8 8.Bd3 d5 9.cxd5 cxd5
10.O-O g6 11.Bd2 Nc6 12.Rc1 Nge7 13.Na4 Nf5 14.g4 Ng7 15.Kg2 h5 16.h3 Qd8
17.Nc5 Bxc5 18.Rxc5 Bd7 19.Be3 Nb4 20.Bb1 a5 21.b3 a4 22.Rf2 O-O 23.Rc3 a3
24.Qc1 Qb6 25.Bd2 Rfc8 26.Rxc8+ Bxc8 27.Qc3 Nc6 28.Bd3 Bd7 29.Rf1 Na7 30.Rc1 Rc8
31.Qb4 Rc6 32.Qxa3 Rxc1 33.Bxc1 hxg4 34.hxg4 Ne8 35.Qe7 Bb5 36.Ba3  1-0

[Event "Nona Gaprindashvili Jubilee"]
[Site "Moscow RUS"]
[Date "2011.10.06"]
[Round "6"]
[White "Kozlovskaya,V"]
[Black "Gaprindashvili,N1"]
[Result "0-1"]
[WhiteElo "2281"]
[BlackElo "2360"]

1.d4 g6 2.c4 Bg7 3.Nf3 d6 4.Nc3 Nd7 5.e4 e5 6.Be2 f6 7.Be3 Nh6 8.h3 Nf7 9.O-O c6
10.dxe5 dxe5 11.Qd2 Qe7 12.Rfd1 O-O 13.Nh2 f5 14.exf5 gxf5 15.f4 e4 16.Nf1 Nc5
17.Qc2 Ne6 18.Rd2 Qh4 19.Rad1 Nxf4 20.Bxf4 Qxf4 21.g3 Qh6 22.h4 Be6 23.Qc1 Be5
24.Rc2 Qg7 25.Qe3 Kh8 26.Kh1 Rg8 27.g4 Nd6 28.Qc5 Rad8 29.g5 f4 30.Bh5 b6
31.Qxc6 Rc8 32.Qa4 Rxc4 33.Qa3 Nf5 34.Rh2 Nxh4 35.Nd2 Rxc3 36.bxc3 Qxg5 37.Be2 Bh3
38.Re1  0-1

[Event "Nona Gaprindashvili Jubilee"]
[Site "Moscow RUS"]
[Date "2011.10.07"]
[Round "8"]
[White "Gaprindashvili,N1"]
[Black "Vilerte,T"]
[Result "0-1"]
[WhiteElo "2360"]
[BlackElo "2155"]

1.d4 d5 2.c4 e6 3.Nc3 Nf6 4.Nf3 Nbd7 5.Bg5 c6 6.e3 Qa5 7.Bxf6 Nxf6 8.Bd3 Ne4
9.Qb3 Bd6 10.O-O f5 11.c5 Be7 12.Bxe4 fxe4 13.Ne5 O-O 14.f4 exf3 15.Rxf3 Rxf3
16.gxf3 Qc7 17.Kh1 Bxc5 18.Rg1 Bd6 19.f4 Bd7 20.Qd1 Be8 21.Qg4 Qe7 22.Nf3 Bg6
23.h4 Rf8 24.h5 Bf5 25.Qg3 Rf6 26.Rg2 Rh6 27.Rh2 Qe8 28.Qh4 Be7 29.Ng5 Bg6
30.Qg3 Bxg5 31.fxg5 Rxh5 32.Ne2 Rxh2+ 33.Kxh2 Be4 34.Nf4 Bf5 35.Kg2 Qf7 36.Kf2 Qc7
37.Ne2  0-1

[Event "Nona Gaprindashvili Jubilee"]
[Site "Moscow RUS"]
[Date "2011.10.07"]
[Round "9"]
[White "Belavenets,L"]
[Black "Gaprindashvili,N1"]
[Result "1/2-1/2"]
[WhiteElo "2190"]
[BlackElo "2360"]

1.d4 g6 2.Nf3 Bg7 3.e3 d5 4.Bd3 Nf6 5.Nbd2 O-O 6.b3 c5 7.Bb2 Nc6 8.a3 Nd7
9.O-O e5 10.dxe5 Ndxe5 11.Nxe5 Nxe5 12.Be2 Bf5 13.Rb1 Qe7 14.Nf3 Rad8 15.Nxe5 Bxe5
16.Bxe5 Qxe5 17.Bd3 Be6 18.Re1 Qc3 19.Qc1 c4 20.Bf1 b6 21.Qb2 Qxb2 22.Rxb2 cxb3
23.cxb3 d4 24.exd4 Rxd4 25.Rc1 Rfd8 26.b4 Rd1 27.Rbb1 R1d2 28.h3 Ra2 29.Rc3 Rdd2
30.Rf3 Kg7 31.Rc1 Bd5 32.Rf4 Rxa3 33.Bc4 Bxc4 34.Rcxc4 Rd7 35.g3 Rad3 36.Kg2 R3d6
37.Rc8 Rf6 38.Rxf6 Kxf6 39.Kf3 Rd3+ 40.Ke2 Ra3 41.Rc7 Ra4 42.Ke3 h5 43.h4 Ke6
44.Kd3 f6 45.Rg7 Kf5 46.Rf7 Ra2 47.Ke3  1/2-1/2

[Event "21st World Seniors Women"]
[Site "Rijeka CRO"]
[Date "2011.11.15"]
[Round "1.1"]
[White "Gaprindashvili,N1"]
[Black "Komysheva,M"]
[Result "1-0"]
[WhiteElo "2360"]
[BlackElo "2081"]

1.d4 Nf6 2.c4 e6 3.Nc3 Bb4 4.g3 d5 5.Bg2 O-O 6.cxd5 exd5 7.Nf3 c6 8.O-O Re8
9.Bf4 Nbd7 10.a3 Bxc3 11.bxc3 Nb6 12.Nd2 Bf5 13.a4 a5 14.Re1 h6 15.Qb3 g5
16.Be3 Ng4 17.Nf1 Nxe3 18.Nxe3 Bg6 19.Ng4 Kg7 20.Ne5 Bf5 21.e4 Bc8 22.Rab1 Ra6
23.Bf1 Nd7 24.Nxd7 Qxd7 25.Bxa6 bxa6 26.exd5 Rxe1+ 27.Rxe1 cxd5 28.Qb8 f6
29.Qb6 Qg4 30.Qd6 h5 31.Qxd5 h4 32.f3 Qh5 33.Re7+  1-0

[Event "21st World Seniors Women"]
[Site "Rijeka CRO"]
[Date "2011.11.16"]
[Round "2.1"]
[White "Titorenko,N"]
[Black "Gaprindashvili,N1"]
[Result "0-1"]
[WhiteElo "2143"]
[BlackElo "2360"]

1.e4 b6 2.d4 Bb7 3.Bd3 e6 4.Nf3 c5 5.c3 d6 6.O-O Nd7 7.Re1 g6 8.Bg5 Ne7 9.Qd2 h6
10.Bf4 Qb8 11.Na3 Bg7 12.Bb5 cxd4 13.Bxd7+ Kxd7 14.cxd4 g5 15.Bg3 f5 16.exf5 Nxf5
17.Qe2 Re8 18.Rac1 a6 19.Nc4 Bd5 20.Ne3 Qb7 21.Nxd5 Qxd5 22.Rc3 b5 23.Rec1 Rec8
24.Qc2 Rxc3 25.Qxc3 Qb7 26.h4 g4 27.Nd2 Rc8 28.Qxc8+ Qxc8 29.Rxc8 Kxc8 30.Ne4 Kd7
31.b3 Bxd4 32.Bf4 d5 33.Ng3 Nxg3 34.Bxg3 e5 35.h5 Ke6 36.Kf1 e4 37.Bf4 Bg7
38.Ke2 d4 39.g3 Kd5 40.Kd2 Bf8 41.Kc2 Ke6 42.Kd2 Kf5 43.Ke2 a5 44.a4 bxa4
45.bxa4 Ke6 46.Bd2 d3+ 47.Kf1 Bb4 48.Bxh6 Bc3 49.Bf8 Kd5 50.Bh6 Kc4 51.Bf8 Kb3
52.h6 Kc2 53.Bg7 d2 54.Bxc3 d1=Q+ 55.Be1 Qa1 56.h7 Kb3 57.h8=Q Qxh8 58.Bxa5 Kxa4
59.Bb6 Qa1+ 60.Kg2 Qd1 61.Be3 Kb3 62.Bf4 Kc2 63.Be3 Kd3  0-1

[Event "21st World Seniors Women"]
[Site "Rijeka CRO"]
[Date "2011.11.17"]
[Round "3.1"]
[White "Gaprindashvili,N1"]
[Black "Thipsay,B"]
[Result "1/2-1/2"]
[WhiteElo "2360"]
[BlackElo "2152"]

1.d4 d5 2.c4 e6 3.Nf3 c5 4.cxd5 exd5 5.Nc3 Nc6 6.Bg5 Be7 7.Bxe7 Ngxe7 8.e3 O-O
9.dxc5 Qa5 10.Bd3 Qxc5 11.O-O Rd8 12.Rc1 Qb6 13.Na4 Qc7 14.h3 Qd6 15.Nc5 Qf6
16.Qe2 Rb8 17.Rfd1 Bf5 18.a3 d4 19.e4 Bg6 20.e5 Bxd3 21.Nxd3 Qh6 22.Qe4 Qg6
23.Re1 Qxe4 24.Rxe4 Ng6 25.b4 Rd5 26.Kf1 Re8 27.Rc4 Kf8 28.Nxd4 Nxd4 29.Rcxd4 Rxd4
30.Rxd4 Nxe5 31.Nc5 b6  1/2-1/2

[Event "21st World Seniors Women"]
[Site "Rijeka CRO"]
[Date "2011.11.18"]
[Round "4.2"]
[White "Strutinskaya,G"]
[Black "Gaprindashvili,N1"]
[Result "1/2-1/2"]
[WhiteElo "2277"]
[BlackElo "2360"]

1.d4 d5 2.c4 e6 3.Nc3 Nf6 4.Bg5 Be7 5.Nf3 Nbd7 6.e3 h6 7.Bh4 O-O 8.Qc2 c5
9.cxd5 Nxd5 10.Bxe7 Qxe7 11.Nxd5 exd5 12.dxc5 Nxc5 13.Be2 Ne4 14.O-O Bg4
15.Nd4 Rac8 16.Qd3 Bxe2 17.Nxe2 Qe5 18.Qd4 Qxd4 19.Nxd4 Rc5 20.Rfd1  1/2-1/2

[Event "21st World Seniors Women"]
[Site "Rijeka CRO"]
[Date "2011.11.19"]
[Round "5.2"]
[White "Gaprindashvili,N1"]
[Black "Miednikova,S"]
[Result "1-0"]
[WhiteElo "2360"]
[BlackElo "2165"]

1.d4 d5 2.c4 e6 3.Nf3 c6 4.Qb3 f5 5.g3 Nf6 6.Bg2 Bd6 7.O-O O-O 8.Bf4 Ne4
9.Bxd6 Qxd6 10.Nc3 Nd7 11.Rad1 a5 12.Qc2 Nxc3 13.Qxc3 Qb4 14.Nd2 Nf6 15.c5 Bd7
16.a3 Qb5 17.Qd3 Qa6 18.Nf3 Be8 19.Qe3 Bf7 20.Ne1 Rae8 21.f3 Qa8 22.Nd3 Qd8
23.b4 axb4 24.axb4 Nd7 25.Ra1 Qb8 26.f4 Bh5 27.Bf3 Bxf3 28.exf3 g5 29.Rfe1 gxf4
30.Qxf4 Qxf4 31.gxf4 Re7 32.Kf2 Kf7 33.Ra7 Rb8 34.Rb1 Kf6 35.b5 cxb5 36.Rxb5 Nf8
37.c6 b6 38.Ra6 Rc7 39.Rbxb6 Rbc8 40.Ke3 Ke7 41.Ne5 Ng6 42.Rb7 Nxe5 43.Rxc7+ Rxc7
44.dxe5 Kd8 45.Kd4 Re7 46.Kc5 Kc7 47.Ra7+ Kd8 48.Rxe7 Kxe7 49.Kb6  1-0

[Event "21st World Seniors Women"]
[Site "Rijeka CRO"]
[Date "2011.11.21"]
[Round "6.1"]
[White "Gaprindashvili,N1"]
[Black "Saunina,L"]
[Result "1/2-1/2"]
[WhiteElo "2360"]
[BlackElo "2274"]

1.d4 Nf6 2.c4 e6 3.Nc3 Bb4 4.Nf3 c5 5.g3 cxd4 6.Nxd4 O-O 7.Bg2 d5 8.cxd5 Nxd5
9.Qb3 Qb6 10.Bxd5 exd5 11.Be3 Qa5 12.O-O Bxc3 13.bxc3 Nc6 14.Rfd1 Ne5 15.Nb5 Be6
16.Bf4 d4 17.Qb4 Qxb4 18.cxb4 Nc6 19.Nc7 Rad8 20.b5 Nb4 21.Nxe6 fxe6 22.Bc7 Rd5
23.a3 Nc2 24.Ra2 d3 25.Rxd3 Nd4 26.Re3 Nxb5 27.Be5 Rc8 28.Rb2 b6 29.Rb4 Rcc5
30.f4 Kf7 31.g4 Nd6 32.Rd3 Rxd3 33.exd3 Nb5 34.a4 Nc7 35.Kf2 Nd5 36.Rc4 Ra5
37.Kf3 h6 38.h4 g6 39.Ke4 h5 40.g5 Ke7 41.Bd4 Kd7 42.Bf2 Ne7 43.Be1 Rf5 44.Bc3 Nc6
45.Bf6 Rd5 46.Be5 Ra5  1/2-1/2